000 00659nam a2200217Ii 4500
001 15785
003 CO-ViMGA
008 241108s9999||||xx |||||||||||||| ||und||
020 _a8433966715
040 _aCO-ViMGA
_bspa
_erda
_cCO-ViMGA
041 0 _aspa
084 _aN ROY1
100 1 _aArundhati Roy
_945038
245 1 0 _aEl dios de las pequeñas cosas
264 1 _a[Lugar de publicación no identificado] : Anagrama, [Fecha de publicación no identificada]
300 _avolumen
336 _atext
_btxt
_2rdacontent
337 _aunmediated
_bn
_2rdamedia
338 _avolume
_bnc
_2rdacarrier
940 _aidficha_siabuc: 15469. -- ficha_no_siabuc:15785
999 _c39520
_d39520